| 000 | 00804cab a2200265 4500 | ||
|---|---|---|---|
| 001 | ABS44676 | ||
| 008 | 090401t1991 xxu||||| |||| 00| 0 eng d | ||
| 035 | _a(Sirsi) u48417 | ||
| 041 | _aeng | ||
| 100 | _aMiller, J. | ||
| 245 | _aHomes over the shop | ||
| 260 | _c1991 | ||
| 350 | _a0 | ||
| 490 |
_aPlanning (for the Natural and Built Environment) _v(923) 21 June 1991, 8(1) |
||
| 520 | _aReviews initiatives to bring some of the 92,000 unoccupied properties over shops into use. | ||
| 650 | _aJOSEPH ROWNTREE TRUST | ||
| 650 | _aLIVING OVER THE SHOP | ||
| 650 | _aMERCIAN HOUSING ASSOCIATION | ||
| 650 | _aNATIONAL HOUSING AND TOWN PLANNING COUNCIL | ||
| 650 | _aNATIONAL URBAN RENEWAL AGENCY SERVICES | ||
| 650 | _aNURAS | ||
| 690 | _aHOUSING | ||
| 942 | _n0 | ||
| 948 | _c04/03/1997 | ||
| 999 |
_c30419 _d30419 |
||